MARC

LEADER 00000nam0a2200000 4500
001 169140
005 20231031163319.0
010 |a  5247016491 
035 |a (RuTPU)RU\TPU\book\183478 
090 |a 169140 
100 |a 20091106d1990 km y0rusy50 ca 
101 0 |a rus 
102 |a RU 
105 |a a z 001zy 
200 1 |a  Имитация разработки залежей нефти  |f  В. Я. Булыгин, Д. В. Булыгин 
210 |a Москва  |c Недра  |d  1990 
215 |a 224 с.  |c ил. 
320 |a Библиогр.: с. 223-224. 
610 1 |a нефтяные месторождения 
610 1 |a нефтяные залежи 
610 1 |a нефтедобыча 
610 1 |a разработка 
610 1 |a имитация 
610 1 |a имитационные исследования 
610 1 |a математические исследования 
610 1 |a математическое моделирование 
610 1 |a пластовые системы 
610 1 |a идентификация 
610 1 |a алгоритмизация 
610 1 |a оценка 
610 1 |a расчеты 
675 |a 622.276  |v 3 
700 1 |a Булыгин  |b В. Я.  |g Владимир Яковлевич 
701 1 |a Булыгин  |b Д. В.  |g Дмитрий Владимирович 
801 1 |a RU  |b 63413507  |c 20091106 
801 2 |a RU  |b 63413507  |c 20100425  |g RCR 
942 |c BK